Vampiro

Guardat en:
Dades bibliogràfiques
Autors principals: Castro Rodríguez, Gabriel Hernán (Autor), Cerda Silva, Juan Everardo (Autor), Cortéz Pérez, María Luz (Autor), Doyhamboure Vera, Elva Odette (Autor), Gallardo Martínez, Alfonso (Autor), Inostroza Morales, Manuel Enrique (Autor), López Alvarez, José Alberto (Autor), Montiel Silva, Ricardo Marcos (Autor), Pinto Morín, Julia Margin (Autor), Ramos Guerra, Lautaro (Autor), Rivera Pereira, Janina de la Cruz (Autor), Saldivia Altamirano, Juvenal Benito (Autor), Vargas Araya, Myriam Sara (Autor), Vásquez Gálvez, Patricia de las Mercedes (Autor)
Autor corporatiu: Secretaría Ministerial de Educación, Región de Valparaíso (Autor)
Format: Llibre
Idioma:espanyol
Publicat: Viña del Mar Secretaría Ministerial de Educación, Región de Valparaíso 1997
Col·lecció:Antología de cuentos del Magisterio
Matèries:
Etiquetes: Afegir etiqueta
Sense etiquetes, Sigues el primer a etiquetar aquest registre!

MARC

LEADER 00000nam a2200000 a 4500
001 UCH7235
003 CL-VaPUC
008 091109e19970000CL |||||||||||||||||spa|d
082 0 4 |a Ch863  |b SEC  |2 21 
100 0 |a Castro Rodríguez, Gabriel Hernán  |e author  |9 543644 
700 0 |a Cerda Silva, Juan Everardo  |e author  |9 543645 
700 0 |a Cortéz Pérez, María Luz  |e author  |9 543646 
700 0 |a Doyhamboure Vera, Elva Odette  |e author  |9 543647 
700 0 |a Gallardo Martínez, Alfonso  |e author  |9 543648 
700 0 |a Inostroza Morales, Manuel Enrique  |e author  |9 543649 
700 0 |a López Alvarez, José Alberto  |e author  |9 543650 
700 0 |a Montiel Silva, Ricardo Marcos  |e author  |9 543651 
700 0 |a Pinto Morín, Julia Margin  |e author  |9 543652 
700 0 |a Ramos Guerra, Lautaro  |e author  |9 543653 
700 0 |a Rivera Pereira, Janina de la Cruz  |e author  |9 543654 
700 0 |a Saldivia Altamirano, Juvenal Benito  |e author  |9 543655 
700 0 |a Vargas Araya, Myriam Sara  |e author  |9 543656 
700 0 |a Vásquez Gálvez, Patricia de las Mercedes  |e author  |9 543657 
110 2 |a Secretaría Ministerial de Educación, Región de Valparaíso  |e author  |9 543658 
245 1 0 |a Vampiro 
246 1 0 |a Historia de una flecha de 18 centimetros 
246 1 0 |a Bifurcación 
246 1 0 |a Ignacio 
246 1 0 |a Nosotras 
246 1 0 |a Quería vivir 
246 1 0 |a Abuelo, cuentanos un cuento 
246 1 3 |a El lavatorio con agua 
246 1 0 |a Navidad a la chilena 
246 1 0 |a Antuhapel, el poeta 
246 1 0 |a Señor papá 
246 1 0 |a Oso 
246 1 0 |a Luzmira 
246 1 0 |a Abriendo los ojos 
300 |a 78 p 
942 |c BK 
945 |d 20091109 00:00:00  |a lazolas 
260 |a Viña del Mar  |b Secretaría Ministerial de Educación, Región de Valparaíso  |c 1997 
500 |a Concurso Literario del Magisterio: genero cuentos 
650 0 |a Cuentos chilenos   |9 308280 
650 0 |a Literatura chilena   |9 308278 
583 |a last modification  |c 20091109 00:00:00  |k Rodrigo Vera 
490 0 |a Antología de cuentos del Magisterio 
999 |c 337901  |d 337899